Premierzy II Rzeczypospolitej - Statystyki

Ogólne statystyki
  • Ten quiz został rozwiązany 58 razy
  • Średni wynik to 9 z 20
Statystyki odpowiedzi
Hint Odpowiedź % Poprawnych
1919 Ignacy Jan Paderewski
95%
1920, 1920 - 1921,1923,1926 Wincenty Witos
92%
1926-1928, 1930 Józef Piłsudski
86%
1920, 1923 Władysław Grabski
70%
1918 Ignacy Daszyński
65%
1918-1919 Jędrzej Moraczewski
62%
1936 - 1939 Felicjan Sławoj Składkowski
59%
1930, 1931, 1935, 1936 Walery Sławek
57%
1922-1923 Władysław Sikorski
46%
1926 (trzykrotnie) Kazimierz Bartel
43%
1925-1926 Aleksander Skrzyński
27%
1919-1920 Leopold Skulski
24%
1931 - 1933 Aleksander Prystor
22%
1922 Julian Nowak
22%
1922 Artur Śliwiński
19%
1933 - 1934 Janusz Jędrzejewicz
16%
1929 Kazimierz Świtalski
16%
1934 - 1935 Leon Kozłowski
16%
1935 - 1936 Marian Zyndram - Kościałkowski
16%
1921-1922, 1922 Artur Ponikowski
14%
Nie znaleziono quizów pasujących do podanych kryteriów
Rozkład punktacji
Procent ludzi z każdym wynikiem
Percentyl według liczby udzielonych odpowiedzi
Twoja historia wyników
Nie rozwiązałeś tego quizu